| 000 | 00697nam a22002057a 4500 | ||
|---|---|---|---|
| 003 | NUST-PNEC | ||
| 005 | 20170114142502.0 | ||
| 008 | 140428b xxu||||| |||| 00| 0 eng d | ||
| 020 | _a8177581589 | ||
| 040 | _cPNEC | ||
| 082 | _a621.3815 BOY | ||
| 100 |
_944 _aBoylestad, Robert L. |
||
| 245 |
_aElectronic devices and circuit theory _cRober L Boylestad |
||
| 250 | _a9th ed. | ||
| 260 |
_aNew Dehli _bPearson Education _cc.2007 |
||
| 300 |
_axiii, 610 p. : _bill. : _c28 cm. |
||
| 500 | _ainclude index http://www.amazon.com/Electronic-Devices-Circuit-Theory-Boylestad/dp/8177581589/ref=sr_1_1?s=books&ie=UTF8&qid=1398674542&sr=1-1&keywords=8177581589 | ||
| 650 | _xEE, EL | ||
| 942 |
_2ddc _cBK |
||
| 999 |
_c60023 _d60023 |
||